| 000 | 00607cam a22002171 4500 | ||
|---|---|---|---|
| 001 | ne 63001171 | ||
| 003 | DLC | ||
| 005 | 20260227111746.0 | ||
| 008 | 820513q19601963xx 000 0 eng | ||
| 010 | _ane 63001171 | ||
| 035 | _a(OCoLC)16762031 | ||
| 040 |
_aDLC _cOrPS _dDLC |
||
| 042 | _apremarc | ||
| 050 | 0 | 0 |
_aHC498 _b.A54 |
| 110 | 2 |
_aLeague of Arab States. _bal-Idārah al-Iqtiṣādīyah. |
|
| 245 | 1 | 4 | _aThe economic activities of the League of Arab States; |
| 260 |
_a[n. p., _c196-] |
||
| 300 |
_a21 l. _c29 cm. |
||
| 651 | 0 |
_aArab countries _xEconomic conditions. |
|
| 700 | 1 | _aZaher, Aref. | |
| 999 |
_c45969 _d45969 |
||